| 000 | 00869 a2200217 4500 | ||
|---|---|---|---|
| 001 | 54212 | ||
| 005 | 20260407155812.0 | ||
| 008 | 260407a1977 arg spa d | ||
| 003 | AR-UNSa-BCEJYS | ||
| 040 |
_aAR-UNSa-BCEJYS _bspa _cAR-UNSa-BCEJYS |
||
| 080 |
_a336.74 _xMoneda. Sistema monetario |
||
| 245 | 1 | 0 |
_aEconomía monetaria _pselección de textos |
| 264 | 1 |
_aMéxico : _bCEMLA (Centro de Estudios Monetarios Latinoamericanos) _c1977 |
|
| 300 |
_a290 p. _c20 cm. |
||
| 505 | _aPrimera parte: Estudios monetarios: Evaluación y perspectivas - Segunda parte: Aspectos teóricos de los modelos monetarios - Tercera parte: Política monetaria e inflación - Cuarta parte: Problemas monetarios de las economías abiertas | ||
| 041 | _aspa | ||
| 942 | _cBK | ||
| 590 | _aniveau_biblio:m niveau_hierar:0 | ||
| 100 | 1 | _aBlejer, Mario I. | |
| 700 | 1 | _aPorzecanski, A. C. | |
| 999 |
_c5383 _d5383 |
||